Návrh opatrení na efektívne využívanie udržateľného personálneho marketingu v Roen Est, s.r.o.

Uložené v:
Podrobná bibliografia
Hlavný autor: Zacharová, Dominika (Autor)
Ďalší autori: Vaňová, Jaromíra (Vedúci práce)
Médium: Rukopis Kniha
Jazyk:Slovak
Vydavateľské údaje: 2018
Predmet:
On-line prístup:http://is.stuba.sk/zp/portal_zp.pl?podrobnosti=123556
Tagy: Pridať tag
Žiadne tagy, Buďte prvý, kto otaguje tento záznam!

MARC

LEADER 00000ntm a22000003a 4500
001 stuzp67536
003 SK-STU
005 20180820154806.8
007 ta
008 150427s2015----xo-----f-mn---000-0-slo-d
040 |a STU  |b slo 
041 0 |a slo 
100 1 |a Zacharová, Dominika  |u 064000  |4 aut  |U MTF Materiálovotechnologická fakulta  |T MTF Ústav priemyselného inžinierstva a manažmentu  |X 80207  |U M4000  |Y 84  |7 80207 
242 0 1 |a Proposal of measures for the effective use of personal marketing in Roen Est, s.r.o.  |y eng 
245 1 0 |a Návrh opatrení na efektívne využívanie udržateľného personálneho marketingu v Roen Est, s.r.o. 
260 |c 2018 
650 4 |a personálny marketingový mix  |2 slo 
650 4 |a personálny marketing  |2 slo 
650 4 |a získavanie zamestnancov  |2 slo 
650 4 |a recruiting of employe  |2 eng 
650 4 |a personal marketing mix  |2 eng 
650 4 |a personal marketing  |2 eng 
700 1 |a Vaňová, Jaromíra  |u 064000  |k Z1  |4 ths  |U MTF Materiálovotechnologická fakulta  |T MTF Ústav priemyselného inžinierstva a manažmentu  |X 2877  |U M4000  |Y 84  |7 A000002877 
856 4 |u http://is.stuba.sk/zp/portal_zp.pl?podrobnosti=123556 
996 |c M* BP-8494  |l MMSKP  |s P  |a 0  |w stuzp67536_0001